000 00283nam a22001217a 4500
082 _a671 DIE
100 _aSEHN, FRANCIS.J
_957281
245 _aDIE DESIGN HANDBOOK
260 _aNEW YORK
_bMCGRAW HILL
_c1955
300 _a555P
650 _aDIE DESIGN HANDBOOK
_957282
942 _cBK
999 _c567577
_d567577